000 00581nam a2200181 4500
008 160921b xxu||||| |||| 00| 0 eng d
020 _a9812471588
082 _22004
_aDC 621.38
_bT59a
100 _915051
_aTomasi, Wayne
245 _aAdvanced electronic communications systems/
_cTomasi, Wayne.
250 _a6th edition
260 _aUpper Saddle River, New Jersey:
_bPearson,
_cc2004.
300 _axiv, 654 pages:
_billustrations;
_c23 cm.
500 _aIncludes index.
650 0 _915052
_aElectronic communications engineering
365 _b395.00
_cPhp
942 _2ddc
_cDC
999 _c4739
_d4739